Statistiques concernant Les 100 plus grandes villes de France sur une carte

Cliquez ici pour prendre le quiz!

Statistiques générales

  • Ce quiz a été pris 23,463 fois
    (23,443 depuis la dernière actualisation)
  • Le résultat moyen est 42 sur 100

Statistiques - réponses

Pop Ville % Correct
2.23 mParis
100%
855 kMarseille
98%
501 kLyon
97%
243 kBordeaux
96%
231 kLille
95%
276 kStrasbourg
94%
342 kNice
94%
458 kToulouse
94%
293 kNantes
90%
139 kBrest
87%
211 kRennes
87%
272 kMontpellier
82%
67.5 kAjaccio
81%
153 kDijon
80%
107 kCaen
73%
160 kGrenoble
73%
172 kLe Havre
70%
164 kToulon
70%
114 kOrleans
69%
141 kClermont-Ferrand
69%
119 kMetz
68%
104 kNancy
68%
172 kSaint-Etienne
68%
111 kRouen
67%
183 kReims
67%
135 kTours
67%
121 kPerpignan
67%
142 kSaint-Denis
62%
135 kLimoges
61%
133 kAmiens
60%
150 kAngers
60%
151 kNimes
60%
72.5 kCalais
58%
74.3 kLa Rochelle
58%
73.3 kCannes
55%
90.0 kDunkerque
54%
77.6 kPau
53%
87.4 kPoitiers
53%
85.3 kVersailles
52%
144 kLe Mans
52%
90.3 kAvignon
47%
63.5 kQuimper
46%
112 kMulhouse
46%
117 kBesancon
45%
142 kAix-en-Provence
45%
58.0 kLorient
41%
68.0 kColmar
39%
61.8 kValence
39%
59.7 kTroyes
38%
147 kVilleurbanne
37%
84.2 kFort-de-France
37%
58.7 kChambery
35%
95.9 kRoubaix
33%
67.2 kBourges
32%
90.0 kCreteil
29%
74.8 kBeziers
29%
92.2 kNanterre
29%
57.4 kNiort
28%
94.0 kTourcoing
27%
55.3 kBeauvais
25%
62.3 kNeuilly-sur-Seine
24%
117 kBoulogne-Billancourt
23%
68.5 kSaint-Nazaire
22%
57.9 kMontauban
20%
61.7 kCergy
20%
104 kMontreuil
19%
75.5 kAntibes
17%
81.4 kSaint-Pierre
17%
55.7 kSaint-Quentin
17%
58.9 kIvry-sur-Seine
16%
107 kArgenteuil
15%
77.5 kAubervilliers
15%
65.7 kIssy-les-Moulineaux
15%
55.7 kHyeres
14%
59.3 kClichy
13%
65.3 kLevallois-Perret
12%
90.1 kVitry-sur-Seine
12%
85.5 kCourbevoie
11%
82.6 kAulnay-sous-Bois
11%
104 kSaint-Paul
11%
68.4 kMerignac
11%
61.7 kAntony
10%
86.0 kAsnieres-sur-Seine
10%
84.6 kColombes
10%
57.2 kVillejuif
10%
57.5 kSarcelles
10%
61.6 kVenissieux
9%
60.8 kPessac
9%
68.2 kDrancy
9%
62.6 kVilleneuve-d'Ascq
8%
62.8 kNoisy-le-Grand
8%
79.8 kRueil-Malmaison
8%
76.1 kLe Tampon
7%
58.0 kLes Abymes
7%
76.0 kChampigny-sur-Marne
7%
56.2 kSaint-Andre
6%
74.1 kSaint-Maur-des-Fosses
6%
64.5 kLa Seyne-sur-Mer
6%
54.9 kEpinay-sur-Seine
6%

Distribution des résultats

Percentile par nombre de réponses

% des personnes avec chaque résultat

Votre développement - résultats

Vous n’avez pas pris ce quiz depuis la dernière actualisation